| 000 | 01007nam a2200205Ia 4500 | ||
|---|---|---|---|
| 008 | 0000001989 pr a 0000000000spa00 | ||
| 090 | _aPPR00 R67j | ||
| 100 | 1 |
_aRosado del Valle, Julio _d1922 |
|
| 245 | 1 | 0 |
_aJulio Rosado del Valle _b: 1980 - 1988 _c/ editor Fernándo Cros ; curadora María E. Somoza ; fotografías Eric Borcherding |
| 300 |
_a57 p. _c/ 22 cm. |
||
| 500 | _aExposición realizada en Universidad del Sagrado Corazón, Saturce (Puerto Rico), Octubre 20, 1988 Febrero 20, 1989 \ Con el patronazgo del maestro venezolano Jesús Rafael Soto (q.e.p.d.) | ||
| 600 | 0 | 0 |
_aROSADO DEL VALLE, JULIO, 19222008/ _xTRABAJOS PICTORICOS |
| 650 | 1 | 4 | _aARTE CONTEMPORANEO PUERTORRIQUEÑO |
| 650 | 1 | 4 | _xCATALOGOS |
| 650 | 1 | 4 | _xEXPOSICIONES |
| 650 | 1 | 4 | _aPINTORES PUERTORRIQUEÑOS |
| 650 | 1 | 4 | _aPINTURA PUERTORRIQUEÑA |
| 700 | 1 | _aCros, Fernando, ed. \ Somoza, María E. \ Borcherding, Eric | |
| 999 |
_c1748 _d1748 |
||
| 260 |
_aSan Juan (Puerto Rico) : Museo de Arte Contemporáneo de Puerto Rico _c1989 |
||